[Event "UNDER 1800 CHAMPIONSHIP"]
[Site "SchemingMind.com"]
[Date "2008.02.18"]
[Round "-"]
[White "justinina"]
[Black "dtedesco"]
[Result "1-0"]
[WhiteCountry "GER"]
[BlackCountry "CAN"]
[WhiteElo "1724"]
[WhiteRD "98"]
[BlackElo "1379"]
[BlackRD "56"]
[GameID "142557"]

1. e4 e5 2. f4 d5 3. Nf3 exf4 4. exd5 Bd6 5. d4 c6 6. Bc4 Nf6 7. Qe2+ Qe7 8. Qxe7+ Kxe7 9. dxc6 Nxc6 10. c3 Re8
11. O-O Kf8 12. Ng5 Be6 13. Nxe6+ Rxe6 14. Bxe6 fxe6 15. Bxf4 Bxf4 16. Rxf4 b5 17. Nd2 a5 18. Ne4 Kf7 19. Raf1 Rf8 20. Nxf6 Kg6
21. Rg4+ Kh6 22. Rf3 e5 23. Rh3#
1-0

[Event "UNDER 1800 CHAMPIONSHIP"]
[Site "SchemingMind.com"]
[Date "2008.02.18"]
[Round "-"]
[White "dtedesco"]
[Black "justinina"]
[Result "0-1"]
[WhiteCountry "CAN"]
[BlackCountry "GER"]
[WhiteElo "1336"]
[WhiteRD "55"]
[BlackElo "1769"]
[BlackRD "153"]
[GameID "142558"]

1. d4 f5 2. g3 Nf6 3. Bg2 e6 4. Nf3 Be7 5. O-O O-O 6. c4 c6 7. Nc3 d5 8. c5 Nbd7 9. Bf4 b6 10. b4 a5
11. b5 Ne4 12. Nxe4 fxe4 13. Nh4 Bxh4 14. gxh4 Rxf4 15. h5 Qh4 16. e3 Rg4 17. bxc6 Qh3 18. cxd7 Qxg2#
0-1

[Event "UNDER 1800 CHAMPIONSHIP"]
[Site "SchemingMind.com"]
[Date "2008.02.19"]
[Round "-"]
[White "mrbiggs"]
[Black "justinina"]
[Result "0-1"]
[WhiteCountry "USA"]
[BlackCountry "GER"]
[WhiteElo "1661"]
[WhiteRD "67"]
[BlackElo "1724"]
[BlackRD "98"]
[GameID "142583"]

1. e4 d5 2. exd5 Nf6 3. d4 Bg4 4. Nf3 c6 5. dxc6 Nxc6 6. Bb5 e5 7. h3 Qa5+ 8. Bd2 Qxb5 9. hxg4 exd4 10. b3 O-O-O
11. c4 Qc5 12. O-O Nxg4 13. Bf4 Bd6 14. Qd2 Rhe8 15. Bxd6 Qxd6 16. g3 Re6 17. Nh2 Nxh2 18. Kxh2 Ne5 19. Qf4 Rh6+ 20. Kg2 Qe6
21. Rh1 Rxh1 22. Kxh1 Qc6+ 23. Kg1 Nf3+ 24. Kf1 d3 25. Nd2 Nxd2+
0-1

[Event "UNDER 1800 CHAMPIONSHIP"]
[Site "SchemingMind.com"]
[Date "2008.02.19"]
[Round "-"]
[White "mrbiggs"]
[Black "dtedesco"]
[Result "1-0"]
[WhiteCountry "USA"]
[BlackCountry "CAN"]
[WhiteElo "1661"]
[WhiteRD "67"]
[BlackElo "1379"]
[BlackRD "56"]
[GameID "142584"]

1. e4 c5 2. f4 d5 3. exd5 Nf6 4. c4 e6 5. dxe6 Bxe6 6. Nf3 Nc6 7. Nc3 Bd6 8. d4 cxd4 9. Nxd4 Qd7 10. Be2 O-O
11. Nxe6 Qxe6 12. O-O Rad8 13. Qc2 Rfe8 14. Bd3 h6 15. a3 Nd4 16. Qd1 Bc5 17. Kh1 Qc6 18. Nb5 a6 19. Nxd4 Rxd4 20. b4 Red8
21. bxc5 Rxd3 22. Qc2 Qxc5 23. Bb2 Ng4 24. Qe2 Qxc4 25. Qxg4 g6 26. Bf6 R8d6 27. Be5 h5 28. Qg5 R6d5 29. Qf6 Rxe5 30. fxe5 Rd7
31. Rad1 Rxd1 32. Rxd1 Kh7 33. Rf1 b5 34. Qxf7+ Qxf7 35. Rxf7+ Kg8 36. Ra7 g5 37. Rxa6 Kf7 38. Rb6 h4 39. Rxb5 g4 40. Rb4 Ke6
41. Rxg4
1-0

[Event "UNDER 1800 CHAMPIONSHIP"]
[Site "SchemingMind.com"]
[Date "2008.02.19"]
[Round "-"]
[White "justinina"]
[Black "mrbiggs"]
[Result "1-0"]
[WhiteCountry "GER"]
[BlackCountry "USA"]
[WhiteElo "1724"]
[WhiteRD "98"]
[BlackElo "1661"]
[BlackRD "67"]
[GameID "142585"]

1. e4 e5 2. f4 exf4 3. Nf3 d6 4. Bc4 g5 5. h4 f6 6. Nxg5 fxg5 7. Qh5+ Kd7 8. Bxg8 Rxg8 9. Qf7+ Be7 10. hxg5 Rf8
11. Qxh7 c6 12. Nc3 Kc7 13. d4 Nd7 14. Bd2 Bxg5 15. O-O-O Qf6 16. e5 dxe5 17. Ne4 Qd8 18. dxe5 Kb8 19. Nxg5 Nc5 20. e6 Nxe6
21. Nxe6 Bxe6 22. Bxf4+
1-0

[Event "UNDER 1800 CHAMPIONSHIP"]
[Site "SchemingMind.com"]
[Date "2008.02.19"]
[Round "-"]
[White "dtedesco"]
[Black "mrbiggs"]
[Result "0-1"]
[WhiteCountry "CAN"]
[BlackCountry "USA"]
[WhiteElo "1336"]
[WhiteRD "55"]
[BlackElo "1594"]
[BlackRD "73"]
[GameID "142586"]

1. d4 d5 2. c4 Nf6 3. Nf3 e6 4. Nc3 c6 5. e3 Nbd7 6. Bd3 dxc4 7. Bxc4 b5 8. Bd3 Bb7 9. e4 Be7 10. e5 Nd5
11. Bd2 O-O 12. O-O f6 13. g4 fxe5 14. Nxe5 Nxe5 15. Bc2 Nc4 16. Bc1 Nxc3 17. bxc3 Qd5 18. Bb3 c5 19. Ba3 Qg2#
0-1

[Event "UNDER 1800 CHAMPIONSHIP"]
[Site "SchemingMind.com"]
[Date "2008.02.19"]
[Round "-"]
[White "ScottChess"]
[Black "mrbiggs"]
[Result "1-0"]
[WhiteCountry "USA"]
[BlackCountry "USA"]
[WhiteElo "1639"]
[WhiteRD "122"]
[BlackElo "1594"]
[BlackRD "73"]
[GameID "142589"]

1. b4 e5 2. Bb2 f6 3. e4 Bxb4 4. Bc4 Ne7 5. Qh5+ g6 6. Qh6 d6 7. Qg7 Kd7 8. Qxf6 c6 9. Nf3 Kc7 10. O-O Nd7
11. Qh4 Nb6 12. Bb3 Bd7 13. Ng5 Ng8 14. f4 h6 15. fxe5 Qxg5 16. exd6+ Bxd6 17. Qxg5 hxg5 18. Bxh8 Nh6 19. Bf6 g4 20. Nc3 g3
21. hxg3 Bxg3 22. Rf3 Bd6 23. d4 Ng4 24. e5 Bb4 25. e6 Be8 26. Ne4 Nxf6 27. Nxf6
1-0

[Event "UNDER 1800 CHAMPIONSHIP"]
[Site "SchemingMind.com"]
[Date "2008.02.19"]
[Round "-"]
[White "ScottChess"]
[Black "justinina"]
[Result "0-1"]
[WhiteCountry "USA"]
[BlackCountry "GER"]
[WhiteElo "1486"]
[WhiteRD "99"]
[BlackElo "1765"]
[BlackRD "95"]
[GameID "142590"]

1. b4 Nf6 2. Bb2 d5 3. e3 e6 4. b5 c6 5. Nf3 Bd6 6. c4 O-O 7. Nc3 dxc4 8. Bxc4 e5 9. Qb3 h6 10. O-O e4
0-1

[Event "UNDER 1800 CHAMPIONSHIP"]
[Site "SchemingMind.com"]
[Date "2008.02.19"]
[Round "-"]
[White "ScottChess"]
[Black "dtedesco"]
[Result "0-1"]
[WhiteCountry "USA"]
[BlackCountry "CAN"]
[WhiteElo "1405"]
[WhiteRD "89"]
[BlackElo "1470"]
[BlackRD "56"]
[GameID "142591"]

1. f4 Nf6 2. Nf3 d5 3. g3 c5 4. d3 Bf5 5. Bg2 Nc6 6. O-O e6 7. c3 Qc7 8. Nbd2 O-O-O 9. Nb3 b6 10. Bd2 c4
11. dxc4 Bd6 12. cxd5 exd5 13. Nbd4 Bc5 14. e3 Bxd4 15. Nxd4 g6 16. Nxf5 gxf5 17. Bh3 Ne7 18. Qc2 h5 19. Bxf5+ Nxf5 20. Qxf5+ Nd7
21. Qxd5 Rh6 22. Qg2 Nf6 23. Rfd1 Rg8 24. Be1 h4 25. Qa8+ Qb8 26. Qxb8+ Kxb8 27. Rd6 Re8 28. Bf2 hxg3 29. hxg3 Ng4 30. Rxh6 Nxh6
31. Rd1 f5 32. Rd5 a5 33. Rd6 Kb7 34. Rxh6 a4 35. Rf6 b5 36. Rxf5 Kb6 37. g4 Ka5 38. g5 Rd8 39. g6 Rg8 40. Rg5 Ka6
0-1

[Event "UNDER 1800 CHAMPIONSHIP"]
[Site "SchemingMind.com"]
[Date "2008.02.19"]
[Round "-"]
[White "dtedesco"]
[Black "ScottChess"]
[Result "0-1"]
[WhiteCountry "CAN"]
[BlackCountry "USA"]
[WhiteElo "1336"]
[WhiteRD "55"]
[BlackElo "1639"]
[BlackRD "122"]
[GameID "142594"]

1. e4 Nf6 2. e5 Nd5 3. c4 Nb6 4. d4 d6 5. f4 g5 6. exd6 Qxd6 7. Nc3 gxf4 8. Nf3 Qf6 9. Bd3 Nc6 10. O-O Nxd4
11. Nxd4 Qxd4+ 12. Rf2 e5 13. Nb5 Qc5 14. b3 Nd7 15. Qe1 Kd8 16. Bb2 a6 17. Bxe5 Nxe5 18. Qd2 axb5 19. Bf5+ Bd6 20. Qxf4 Nd3
21. Qg5+ Be7 22. Qf4 Qxf2+ 23. Qxf2 Nxf2 24. Kxf2 Bxf5 25. Rd1+ Kc8 26. Rd5 Rxa2+ 27. Kf3 bxc4 28. Rxf5 cxb3 29. Rxf7 Rf8
0-1

[Event "UNDER 1800 CHAMPIONSHIP"]
[Site "SchemingMind.com"]
[Date "2008.02.20"]
[Round "-"]
[White "Talis"]
[Black "mrbiggs"]
[Result "1-0"]
[WhiteCountry "LTU"]
[BlackCountry "USA"]
[WhiteElo "1987"]
[WhiteRD "109"]
[BlackElo "1661"]
[BlackRD "67"]
[GameID "142656"]

1. d4 d5 2. c4 e6 3. Nc3 Nf6 4. Nf3 c6 5. Bg5 dxc4 6. e4 Be7 7. Bxc4 O-O 8. O-O c5 9. dxc5 h6 10. Bxf6 Bxf6
11. Qxd8 Bxd8 12. b4 Be7 13. Rfd1 Nc6 14. a3 b6 15. Bb5 Bb7 16. Rd7 Nd8 17. Rxe7 a6 18. Bd7 b5 19. Ne5
1-0

[Event "UNDER 1800 CHAMPIONSHIP"]
[Site "SchemingMind.com"]
[Date "2008.02.20"]
[Round "-"]
[White "Talis"]
[Black "justinina"]
[Result "1-0"]
[WhiteCountry "LTU"]
[BlackCountry "GER"]
[WhiteElo "1987"]
[WhiteRD "109"]
[BlackElo "1724"]
[BlackRD "98"]
[GameID "142657"]

1. d4 f5 2. g3 Nf6 3. Bg2 e6 4. Nf3 Bb4+ 5. c3 Be7 6. O-O O-O 7. Nbd2 d5 8. Nb3 b6 9. Qc2 Nbd7 10. Ng5 Nb8
11. Bf4 Bd6 12. Bxd6 Qxd6 13. Rad1 Ng4 14. h3 Nf6 15. Rfe1 c5 16. dxc5 bxc5 17. e4 fxe4 18. Nxe4 Nxe4 19. Bxe4 h6 20. c4 Kh8
21. cxd5 Na6 22. dxe6 Qxe6 23. Bxa8 Qxh3 24. Re7 Bf5 25. Be4 Bxe4 26. Qxe4 Qh5 27. Rdd7 Rf5 28. Qa8+
1-0

[Event "UNDER 1800 CHAMPIONSHIP"]
[Site "SchemingMind.com"]
[Date "2008.02.20"]
[Round "-"]
[White "Talis"]
[Black "ScottChess"]
[Result "1-0"]
[WhiteCountry "LTU"]
[BlackCountry "USA"]
[WhiteElo "2012"]
[WhiteRD "107"]
[BlackElo "1486"]
[BlackRD "99"]
[GameID "142658"]

1. e4 Nf6 2. e5 Nd5 3. d4 d6 4. c4 Nb6 5. f4 dxe5 6. fxe5 Nc6 7. Be3 Bf5 8. Nc3 e6 9. Nf3 Qd7 10. Be2 O-O-O
11. O-O Na5 12. b3 Bb4 13. Qc1
1-0

[Event "UNDER 1800 CHAMPIONSHIP"]
[Site "SchemingMind.com"]
[Date "2008.02.20"]
[Round "-"]
[White "Talis"]
[Black "dtedesco"]
[Result "1-0"]
[WhiteCountry "LTU"]
[BlackCountry "CAN"]
[WhiteElo "1868"]
[WhiteRD "144"]
[BlackElo "1336"]
[BlackRD "55"]
[GameID "142659"]

1. e4 e5 2. Nc3 Nc6 3. f4 exf4 4. d4 Qh4+ 5. Ke2 b6 6. Nb5 Nf6 7. Nf3 Qg4 8. e5 Nh5 9. Nxc7+ Kd8 10. Nxa8 Bc5
11. dxc5 Nxe5 12. Kf2 Re8 13. Qd6 Nc6 14. Bd3 g6 15. Qc7+ Ke7 16. Re1+ Kf8 17. Rxe8+ Kxe8 18. Qxc8+ Ke7 19. Nc7 Kf6 20. Qh8+ Ng7
21. Bxf4 Qxf4 22. Nd5+
1-0

[Event "UNDER 1800 CHAMPIONSHIP"]
[Site "SchemingMind.com"]
[Date "2008.02.20"]
[Round "-"]
[White "mrbiggs"]
[Black "Talis"]
[Result "0-1"]
[WhiteCountry "USA"]
[BlackCountry "LTU"]
[WhiteElo "1661"]
[WhiteRD "67"]
[BlackElo "1987"]
[BlackRD "109"]
[GameID "142660"]

1. e4 c5 2. f4 d5 3. exd5 Nf6 4. c4 e6 5. dxe6 Bxe6 6. Nf3 Nc6 7. Be2 Bd6 8. d3 Qc7 9. g3 O-O-O 10. O-O h6
11. Be3 Rhe8 12. Bf2 Bh3 13. Re1 Ng4 14. Bf1 Nxf2 15. Kxf2 Be6 16. Nc3 Qd7 17. b3 Bg4 18. Qd2 Rf8 19. Kg2 g5 20. fxg5 Bxf3+
21. Kxf3 Nd4+ 22. Kf2 Qf5+ 23. Kg2 hxg5 24. Be2 Rh8 25. Rh1 Qh3+ 26. Kf2 f5 27. Rag1 f4 28. Ke1 fxg3 29. Qxg5 Rhg8 30. Qe3 Nc2+
0-1

[Event "UNDER 1800 CHAMPIONSHIP"]
[Site "SchemingMind.com"]
[Date "2008.02.20"]
[Round "-"]
[White "justinina"]
[Black "Talis"]
[Result "0-1"]
[WhiteCountry "GER"]
[BlackCountry "LTU"]
[WhiteElo "1724"]
[WhiteRD "98"]
[BlackElo "1987"]
[BlackRD "109"]
[GameID "142661"]

1. e4 e5 2. f4 exf4 3. Nf3 g5 4. Bc4 Bg7 5. h4 h6 6. hxg5 hxg5 7. Rxh8 Bxh8 8. d4 d6 9. Qe2 g4 10. Ng1 Qh4+
11. Qf2 Qxf2+ 12. Kxf2 Bxd4+ 13. Kf1 Be6 14. Bxe6 fxe6 15. Nc3 Bxc3 16. bxc3 e5 17. c4 Nf6 18. Rb1 b6 19. Ne2 Nxe4 20. Nxf4 exf4
21. Bxf4 Nd7 22. Re1 Nc5 23. Bg5 Kd7 24. Kg1 Nxg5
0-1

[Event "UNDER 1800 CHAMPIONSHIP"]
[Site "SchemingMind.com"]
[Date "2008.02.20"]
[Round "-"]
[White "ScottChess"]
[Black "Talis"]
[Result "0-1"]
[WhiteCountry "USA"]
[BlackCountry "LTU"]
[WhiteElo "1405"]
[WhiteRD "89"]
[BlackElo "2073"]
[BlackRD "98"]
[GameID "142662"]

1. b4 Nf6 2. Bb2 g6 3. c4 Bg7 4. Qc2 d6 5. e3 Bf5 6. Bd3 Bxd3 7. Qxd3 O-O 8. Nf3 e5 9. Nc3 Ne8 10. Qc2 Nc6
11. a3 a6 12. O-O f5 13. Nd5 e4 14. Bxg7 Nxg7
0-1

[Event "UNDER 1800 CHAMPIONSHIP"]
[Site "SchemingMind.com"]
[Date "2008.02.20"]
[Round "-"]
[White "dtedesco"]
[Black "Talis"]
[Result "0-1"]
[WhiteCountry "CAN"]
[BlackCountry "LTU"]
[WhiteElo "1336"]
[WhiteRD "55"]
[BlackElo "1868"]
[BlackRD "144"]
[GameID "142663"]

1. e4 e5 2. Nf3 Nc6 3. Bb5 f5 4. Nc3 fxe4 5. Nxe4 Nf6 6. d3 d5 7. Nc5 Bxc5 8. Nxe5 O-O 9. Nxc6 Qe8+ 10. Be3 Bxe3
11. fxe3 bxc6 12. Ba4 Qxe3+ 13. Qe2 Qd4 14. Bxc6 Qxb2 15. O-O Qb6+ 16. Kh1 Qxc6 17. Rf3 Bg4 18. c4 Bxf3 19. Qxf3 Ne4 20. Qe3 Qf6
21. Re1 Qf1+ 22. Rxf1 Rxf1+ 23. Qg1 Nf2#
0-1

[Event "UNDER 1800 CHAMPIONSHIP"]
[Site "SchemingMind.com"]
[Date "2008.02.20"]
[Round "-"]
[White "lacus66"]
[Black "mrbiggs"]
[Result "0-1"]
[WhiteCountry "HUN"]
[BlackCountry "USA"]
[WhiteElo "1717"]
[WhiteRD "78"]
[BlackElo "1661"]
[BlackRD "67"]
[GameID "142737"]

1. d4 d5 2. e4 dxe4 3. Nc3 e6 4. Nxe4 Nf6 5. Bg5 Be7 6. Bxf6 Bxf6 7. Nf3 O-O 8. Bc4 Nc6 9. c3 e5 10. d5 Na5
11. b3 Nxc4 12. bxc4 Bf5 13. Qe2 Bxe4 14. Qxe4 Qd6 15. O-O Rfe8 16. Rfe1 Re7 17. Rab1 b6 18. g3 Rae8 19. a4 Qa3 20. Qc2 e4
21. Rb3 Qxa4 22. Rb4 Qd7 23. Nd2 e3 24. fxe3 Rxe3 25. Rxe3 Rxe3 26. Nb1 Qd6 27. Rb3 Qc5 28. Kh1 Qxc4 29. Rb4 Qf1#
0-1

[Event "UNDER 1800 CHAMPIONSHIP"]
[Site "SchemingMind.com"]
[Date "2008.02.20"]
[Round "-"]
[White "lacus66"]
[Black "Talis"]
[Result "0-1"]
[WhiteCountry "HUN"]
[BlackCountry "LTU"]
[WhiteElo "1717"]
[WhiteRD "78"]
[BlackElo "1987"]
[BlackRD "109"]
[GameID "142738"]

1. d4 f5 2. e4 fxe4 3. Nc3 Nf6 4. f3 d5 5. Bg5 Bf5 6. Bxf6 exf6 7. Qe2 Bb4 8. fxe4 Bxe4 9. O-O-O Bxc3 10. bxc3 O-O
11. Nf3 c6 12. c4 Qa5 13. Kb2 Qb4+ 14. Ka1 Qc3+ 15. Kb1 Na6 16. Qd2 Qa3 17. Bd3 Nb4 18. c3 Bxd3+ 19. Ka1 Nc2+ 20. Kb1 Be4
21. Qc1 Nxd4+
0-1

[Event "UNDER 1800 CHAMPIONSHIP"]
[Site "SchemingMind.com"]
[Date "2008.02.20"]
[Round "-"]
[White "lacus66"]
[Black "justinina"]
[Result "1-0"]
[WhiteCountry "HUN"]
[BlackCountry "GER"]
[WhiteElo "1717"]
[WhiteRD "78"]
[BlackElo "1724"]
[BlackRD "98"]
[GameID "142739"]

1. d4 f5 2. e4 fxe4 3. f3 Nf6 4. Nc3 d5 5. Bg5 e6 6. fxe4 Be7 7. Bxf6 Bxf6 8. e5 Bh4+ 9. g3 O-O 10. Bd3 Nc6
11. Nf3 Rxf3 12. Qxf3 Nxd4 13. Qf2 Nf5 14. gxh4 d4 15. Ne4 Ne3 16. c3 Qxh4 17. Qxh4 Ng2+ 18. Kf2 Nxh4 19. cxd4 Nf5 20. Rhg1 Kh8
21. Bc4 Nxd4 22. Rad1 Bd7 23. Rxd4 Rf8+ 24. Ke3
1-0

[Event "UNDER 1800 CHAMPIONSHIP"]
[Site "SchemingMind.com"]
[Date "2008.02.20"]
[Round "-"]
[White "lacus66"]
[Black "ScottChess"]
[Result "1-0"]
[WhiteCountry "HUN"]
[BlackCountry "USA"]
[WhiteElo "1652"]
[WhiteRD "68"]
[BlackElo "1486"]
[BlackRD "99"]
[GameID "142740"]

1. d4 f5 2. e4 fxe4 3. f3 d5 4. Nc3 Nf6 5. Bg5 Bf5 6. Qd2 c6 7. Bxf6 exf6 8. Qe3 Bb4 9. O-O-O Bxc3 10. Qxc3 O-O
11. g4 Bg6 12. f4 f5 13. g5 Bh5 14. Be2
1-0

[Event "UNDER 1800 CHAMPIONSHIP"]
[Site "SchemingMind.com"]
[Date "2008.02.20"]
[Round "-"]
[White "lacus66"]
[Black "dtedesco"]
[Result "1-0"]
[WhiteCountry "HUN"]
[BlackCountry "CAN"]
[WhiteElo "1652"]
[WhiteRD "68"]
[BlackElo "1437"]
[BlackRD "51"]
[GameID "142741"]

1. d4 e6 2. c4 f5 3. g3 Nf6 4. Bg5 Be7 5. Bxf6 Bxf6 6. Nf3 O-O 7. Bg2 d6 8. Nc3 Nc6 9. e3 g6 10. O-O Ne7
11. b4 g5 12. Ne1 a6 13. a4 h5 14. Qxh5 Qe8 15. Qe2 g4 16. f3 gxf3 17. Bxf3 c6 18. Qc2 Rf7 19. Bh5 Bg5 20. Bxf7+ Qxf7
21. Ne4 Bxe3+ 22. Kg2 Bxd4 23. Nxd6 Qh5 24. Nxc8 Rxc8 25. Rd1 Rd8 26. Nf3 e5 27. Nxe5 Qe8 28. Nf3 Bf6 29. Rxd8 Qxd8 30. Rd1 Qc7
31. Qd3 f4 32. Qd8+ Qxd8 33. Rxd8+ Kg7 34. gxf4 Kg6 35. Ne5+ Kf5 36. Rf8 b6 37. Nd7 Ke6 38. Nxb6 Bc3 39. b5 cxb5 40. cxb5 axb5
41. axb5 Bb4 42. Ra8 Bc5 43. Ra6 Nd5 44. Nxd5+ Kxd5 45. h4 Bd6 46. Kf3 Ke6= 47. Ke4 Kd7 48. h5
1-0

[Event "UNDER 1800 CHAMPIONSHIP"]
[Site "SchemingMind.com"]
[Date "2008.02.21"]
[Round "-"]
[White "mrbiggs"]
[Black "lacus66"]
[Result "1-0"]
[WhiteCountry "USA"]
[BlackCountry "HUN"]
[WhiteElo "1594"]
[WhiteRD "73"]
[BlackElo "1718"]
[BlackRD "79"]
[GameID "142742"]

1. e4 e6 2. d4 d5 3. Nc3 Bb4 4. e5 c5 5. a3 Bxc3+ 6. bxc3 Ne7 7. Nf3 Qc7 8. Be2 O-O 9. O-O c4 10. Qd2 h6
11. Qf4 f6 12. exf6 Rxf6 13. Qxc7 Nbc6 14. Qg3
1-0

[Event "UNDER 1800 CHAMPIONSHIP"]
[Site "SchemingMind.com"]
[Date "2008.02.21"]
[Round "-"]
[White "Talis"]
[Black "lacus66"]
[Result "1-0"]
[WhiteCountry "LTU"]
[BlackCountry "HUN"]
[WhiteElo "1987"]
[WhiteRD "109"]
[BlackElo "1717"]
[BlackRD "78"]
[GameID "142743"]

1. e4 e6 2. d4 d5 3. e5 c5 4. c3 c4 5. b3 b5 6. Nf3 h6 7. Be2 Ne7 8. O-O Nf5 9. a4 Ba6 10. axb5 Bxb5
11. Nbd2 Be7 12. bxc4 Bc6 13. Ba3 O-O 14. cxd5 Bxd5 15. Bxe7 Qxe7 16. c4 Bb7 17. Bd3 Nc6 18. d5 exd5 19. Bxf5 Nxe5 20. cxd5 Bxd5
21. Re1 f6 22. Nxe5 fxe5 23. Nf3 Bxf3 24. Qxf3 g6 25. Ra6
1-0

[Event "UNDER 1800 CHAMPIONSHIP"]
[Site "SchemingMind.com"]
[Date "2008.02.20"]
[Round "-"]
[White "justinina"]
[Black "lacus66"]
[Result "0-1"]
[WhiteCountry "GER"]
[BlackCountry "HUN"]
[WhiteElo "1724"]
[WhiteRD "98"]
[BlackElo "1717"]
[BlackRD "78"]
[GameID "142744"]

1. e4 e6 2. d4 d5 3. Nc3 Bb4 4. e5 c5 5. Bd2 Bxc3 6. Bxc3 Ne7 7. dxc5 Nbc6 8. Nf3 h6 9. Bb5 a6 10. Ba4 b5
11. Bb3 a5 12. a4 b4 13. Bd2 O-O 14. Qe2 Ba6 15. c4 bxc3 16. Qe3 Nf5 17. Qxc3 d4 18. Nxd4 Nfxd4 19. Qg3 Kh8 20. Bd1 Rb8
21. Bc3 Qc7 22. Bxd4 Nxd4 23. Qe3 Qxc5 24. Rc1 Qb4+ 25. Qc3 Qxc3+ 26. bxc3 Nc6 27. f4 f5 28. Bf3 Bb7 29. O-O Ne7 30. Be2 Nd5
31. Rf3 Ne7 32. Rh3 Be4 33. c4 Nc6 34. Bf3 Bxf3 35. gxf3 Rb4 36. Kh1 Rxa4 37. Rg1 Rxc4 38. Rhg3 Rg8
0-1

[Event "UNDER 1800 CHAMPIONSHIP"]
[Site "SchemingMind.com"]
[Date "2008.02.21"]
[Round "-"]
[White "dtedesco"]
[Black "lacus66"]
[Result "1/2-1/2"]
[WhiteCountry "CAN"]
[BlackCountry "HUN"]
[WhiteElo "1437"]
[WhiteRD "51"]
[BlackElo "1652"]
[BlackRD "68"]
[GameID "142746"]

1. e4 e6 2. d4 d5 3. Nc3 Bb4 4. e5 c5 5. a3 Bxc3+ 6. bxc3 c4 7. Qg4 g6 8. Bg5 Ne7 9. Nf3 O-O 10. Qh4 Re8
11. Bf6 h5 12. Qg5 Kh7 13. g4 Nd7 14. Bd3 Nxf6 15. Nh4 Nxg4 16. Be2 Nh6 17. Rg1 Neg8 18. Bxh5 Qxg5 19. Rxg5 Ne7 20. O-O-O Nef5
21. Bxg6+ fxg6 22. Nxg6 Rg8 23. Rdg1 Bd7 24. h4 Rg7 25. Kd2 Rag8 26. h5 Be8 27. f4 Bxg6 28. Rxg6 Rxg6 29. Rxg6 Rxg6 30. hxg6+ Kxg6
31. Ke2 Kh5 32. a4 a5 33. Kf3 Kh4 34. Kf2 Ng4+ 35. Kf3 Kh3 36. Ke2 Kg3 37. Ke1 Kxf4 38. Ke2 Ng3+ 39. Ke1 Kf3 40. Kd2 Nf1+
41. Kc1 Ke2 42. Kb1 Kd1 43. Kb2 Nge3 44. Kb1 Nd2+ 45. Kb2 Nxc2 46. Ka2 Ne4 47. Kb2 Kd2 48. Kb1 Kxc3 49. Kc1 Na3 50. Kd1 Kxd4
51. Kc1 c3 52. Kd1 Kd3 53. Kc1 Ke2
1/2-1/2

[Event "UNDER 1800 CHAMPIONSHIP"]
[Site "SchemingMind.com"]
[Date "2008.02.20"]
[Round "-"]
[White "marble"]
[Black "lacus66"]
[Result "1-0"]
[WhiteCountry "ENG"]
[BlackCountry "HUN"]
[WhiteElo "1629"]
[WhiteRD "55"]
[BlackElo "1652"]
[BlackRD "68"]
[GameID "142762"]

1. e4 e6 2. d4 d5 3. Nc3 Bb4 4. e5 c5 5. a3 Bxc3+ 6. bxc3 Ne7 7. a4 O-O 8. Nf3 h6 9. c4 b6 10. c3 Nbc6
11. dxc5 bxc5 12. Ba3 Qa5 13. Bb2 Ng6 14. cxd5 Ncxe5 15. dxe6 Bxe6 16. Nxe5 Nxe5 17. Be2 Rad8 18. Qc2 Rd7 19. O-O Bc4 20. Rfe1 Nd3
21. Bxd3 Bxd3 22. Qc1 Rb8 23. Rd1 c4 24. Ba3 Rb3 25. Bb4 Qe5 26. Re1 Qb8 27. h3= Qb6 28. Re3 a5 29. Ba3 Qg6 30. Rg3 Qc6
31. Bb2 Rdb7 32. Ra2 Qb6 33. Kh2 Rxb2 34. Rxb2 Qxb2 35. Qf4 Qxc3 36. Qg4 g6 37. Qc8+
1-0

[Event "UNDER 1800 CHAMPIONSHIP"]
[Site "SchemingMind.com"]
[Date "2008.02.20"]
[Round "-"]
[White "marble"]
[Black "mrbiggs"]
[Result "1-0"]
[WhiteCountry "ENG"]
[BlackCountry "USA"]
[WhiteElo "1634"]
[WhiteRD "55"]
[BlackElo "1661"]
[BlackRD "67"]
[GameID "142763"]

1. e4 e5 2. Nf3 Nf6 3. Nxe5 d6 4. Nf3 Nxe4 5. d4 d5 6. Bd3 Bd6 7. O-O O-O 8. Re1 Re8 9. c4 c6 10. cxd5 cxd5
11. Nc3 Nf6 12. h3 Nc6 13. Bg5 Be6 14. Bxf6 Qxf6 15. Nb5 Bb4 16. Re2 Rac8 17. a3 Be7 18. Ne5 a6 19. Nc3 Nxd4 20. Bxh7+ Kxh7
21. Qxd4 Bc5 22. Qd2 Bxf2+ 23. Rxf2 Qxe5 24. Re1 Qd6 25. Ne4 Qd7 26. Ng5+ Kg8 27. Qd3 g6 28. Qg3 Kf8 29. Qh4 Ke7 30. Nxf7+
1-0

[Event "UNDER 1800 CHAMPIONSHIP"]
[Site "SchemingMind.com"]
[Date "2008.02.20"]
[Round "-"]
[White "marble"]
[Black "Talis"]
[Result "0-1"]
[WhiteCountry "ENG"]
[BlackCountry "LTU"]
[WhiteElo "1629"]
[WhiteRD "55"]
[BlackElo "2012"]
[BlackRD "107"]
[GameID "142764"]

1. e4 e5 2. Nf3 f5 3. Nxe5 Qf6 4. Nc4 fxe4 5. Nc3 Qg6 6. d3 Bb4 7. Bd2 Bxc3 8. Bxc3 Nf6 9. Ne3 O-O 10. dxe4 Nxe4
11. Qd5+ Kh8 12. Bd3 Nxc3 13. Bxg6 Nxd5 14. Nxd5 Na6 15. Bd3 c6 16. Ne3 Nc5 17. Be2 d5 18. O-O Be6 19. c3 Na4 20. Nd1 Rae8
21. Bf3 Rxf3 22. gxf3 Bh3 23. b3 Re6 24. Ne3 Bxf1 25. Kxf1 Nxc3 26. Nc2 c5 27. a3 Kg8 28. Rc1 d4 29. Ne1 Rh6 30. Kg2 Rg6+
31. Kf1 Rg1+ 32. Kxg1 Ne2+ 33. Kf1 Nxc1 34. f4 Nxb3 35. Nd3 c4 36. Nb4 Nd2+ 37. Ke2 Nb1 38. Kd1 Nxa3 39. Kc1 Kf7 40. Kb2 Nb5
41. Nc2 Ke6 42. Nb4 a5
0-1

[Event "UNDER 1800 CHAMPIONSHIP"]
[Site "SchemingMind.com"]
[Date "2008.02.20"]
[Round "-"]
[White "marble"]
[Black "justinina"]
[Result "0-1"]
[WhiteCountry "ENG"]
[BlackCountry "GER"]
[WhiteElo "1634"]
[WhiteRD "55"]
[BlackElo "1724"]
[BlackRD "98"]
[GameID "142765"]

1. e4 d5 2. exd5 Nf6 3. d4 Bg4 4. Nf3 Qxd5 5. Be2 Nc6 6. h3 Bxf3 7. Bxf3 Qd6 8. Be3 O-O-O 9. O-O Nxd4 10. Nc3 e5
11. Bxd4 Qxd4 12. Qe2 Bc5 13. Rad1 Qb4 14. Rb1 Rhe8 15. a3 Qf4 16. Qb5 e4 17. Be2 Bb6 18. Qa4 Rd4 19. Qb3 e3 20. f3 c6
21. Qxf7 Bc7 22. Ne4 Qh2#
0-1

[Event "UNDER 1800 CHAMPIONSHIP"]
[Site "SchemingMind.com"]
[Date "2008.02.20"]
[Round "-"]
[White "marble"]
[Black "dtedesco"]
[Result "1-0"]
[WhiteCountry "ENG"]
[BlackCountry "CAN"]
[WhiteElo "1623"]
[WhiteRD "55"]
[BlackElo "1336"]
[BlackRD "55"]
[GameID "142767"]

1. e4 c5 2. Nf3 d6 3. d4 cxd4 4. Nxd4 Nc6 5. Nc3 Nf6 6. Bg5 e6 7. Qd2 Be7 8. O-O-O O-O 9. f4 h6 10. Bxf6 Bxf6
11. Nxc6 Qb6 12. Qxd6 Qe3+ 13. Kb1 Re8 14. Bb5 Bxc3 15. Rd3 Qxe4 16. Rxc3 Qxg2 17. Rd1 a6 18. Bf1 Qxh2 19. Nd4 e5 20. fxe5 Rxe5
21. Nf3 Qh5 22. Qxe5 Qxf3 23. Rxf3
1-0